000 00630 a2200157 4500
003 Nust
005 20170207154215.0
040 _cNust
082 _a378.4
245 _aTher Right Choice - UG Prospectus 2001
_cTher Right Choice
260 _aCrandfield
_bCranfield Uni
_c2001
300 _a83 p.
505 _aOur Mission (page-2) Welcome to Cranfield (page-3) List of Courses (page-5) Why Come to Shrivenham (page-6) Living at Shrivenham (page-20) Academic Departments (page-24) How Ro Apply (page-78) Financial Information (page-82) How to Find Out More (page-84)
538 _aAlmirah No. 117 Shelf No. 2
650 _aUG Prospectus
942 _2ddc
_cBK
999 _c195070
_d195070